| 000 | 01065nam a2200313 a 4500 | ||
|---|---|---|---|
| 001 | BRCA_738 | ||
| 005 | 20190320203128.0 | ||
| 008 | 960711s1995 mx-a---##b---#000-0#spa-d | ||
| 020 | _a9686533400 | ||
| 041 | _aspaeng | ||
| 050 | 4 |
_aNK844 _b.U86 3 _c1995 |
|
| 100 | 1 |
_aAlfaro, Alfonso _92427 |
|
| 245 | 1 | 0 |
_aCorpus Aureum _bEscultura religiosa _cAlfonso Alfaro, María del Consuelo Maquívar. |
| 260 |
_aMéxico _bMuseo Franz Mayer : Artes de México _c1995 |
||
| 300 |
_a72 p. _bil. a color _c23 cm. |
||
| 440 | 0 |
_aColección Uso y estilo _v3 _92428 |
|
| 500 | _a2 ejemplares en Biblioteca | ||
| 504 | _aBibliografía : p. 71 | ||
| 546 | _aTexto en : español e inglés | ||
| 600 | 1 | 4 |
_aTrinidad _xArte _92429 |
| 600 | 1 | 4 |
_aJesucristo _xArte _92253 |
| 650 | 1 | 4 |
_aSantos cristianos en el arte _92430 |
| 650 | 1 | 4 |
_aEscultura colonial _zGuatemala _92431 |
| 650 | 1 | 4 |
_aEscultura mexicana _92432 |
| 650 | 1 | 4 |
_aEscultura guatemalteca _92433 |
| 700 | 1 |
_aMaquívar, María del Consuelo _92434 |
|
| 710 | 2 |
_aMuseo Franz Mayer (Ciudad de México) _92266 |
|
| 942 |
_2lcc _cB |
||
| 999 |
_c637 _d637 |
||